La Brújula en Babilonia: resistencia y plegaria en los discursos del reggae costarricense /

Este artículo pretende ser un acercamiento a la cultura del reggae costarricense por medio de la reflexión acerca de las metáforas de dos agrupaciones musicales costarricenses: Mekatelyu y Frecuencia Libre. Se aborda la forma en que estos jóvenes entienden y critican el mundo que los rodea desde dos...

Descrizione completa

Salvato in:
Dettagli Bibliografici
Autore principale: Zúñiga Núñez, Mario
Natura: testo
Soggetti:
Tags: Aggiungi Tag
Nessun Tag, puoi essere il primo ad aggiungerne!!

MARC

LEADER 00000 a a2200000 04500
001 4216
003
040
090 |a REV0229 (136) 2005  
100 |a Zúñiga Núñez, Mario  
245 |a La Brújula en Babilonia:   |b resistencia y plegaria en los discursos del reggae costarricense /  |c Mario Zúñiga Núñez 
520 |a Este artículo pretende ser un acercamiento a la cultura del reggae costarricense por medio de la reflexión acerca de las metáforas de dos agrupaciones musicales costarricenses: Mekatelyu y Frecuencia Libre. Se aborda la forma en que estos jóvenes entienden y critican el mundo que los rodea desde dos metáforas centrales: Sión y Babilonia. Finalmente, se hacen una serie de reflexiones acerca de cómo estos jóvenes operan simbólicamente en un contexto que consideran adverso  
650 |a JUVENTUD  
650 |a MUSICA  
650 |a CULTURA POPULAR  
650 |a VALORES CULTURALES  
650 |a IDENTIDAD CULTURAL  
650 |a IDEOLOGIAS  
650 |a LIBERTAD  
650 |a PRACTICA RELIGIOSA  
650 |a COSTA RICA  
773 |g número 136; páginas 59-78  
999 |c 26722  |d 26722